000 00575nam a2200241Ia 4500
005 20260123164124.0
008 008 260114s9999 xx 000 0 eng d
020 _a9789354433504
037 _aEBOOK
040 _aCRL
040 _beng
040 _cCRL
041 _2eng
041 _aeng
084 _qCRL
100 _aKelkar
_91106177
245 0 _aHospital information systems: a concise study
260 _bPHI
856 _uhttps://elibrary.phindia.com/ebooks/reader/9789354433504
942 _cEBOOK
999 _c1671300
_d1671300